Очерк работ русских ученых и инженеров в области котельной техники

Dades bibliogràfiques
Autor principal: Кутателадзе С. С.
Altres autors: Цукерман Р. В.
Idioma:rus
Publicat: Москва, Госэнергоиздат, 1951
Matèries:
Format: MixedMaterials Llibre
KOHA link:https://koha.lib.tpu.ru/cgi-bin/koha/opac-detail.pl?biblionumber=128892

MARC

LEADER 00000nam0a2200000 4500
001 128892
005 20231031133126.0
035 |a (RuTPU)RU\TPU\book\139486 
090 |a 128892 
100 |a 20080116d1951 km y0rusy50 ca 
101 0 |a rus 
102 |a RU 
105 |a ac z 001zy 
200 1 |a Очерк работ русских ученых и инженеров в области котельной техники  |f С. С. Кутателадзе, Р. В. Цукерман 
210 |a Москва  |c Госэнергоиздат  |d 1951  |a Ленинград 
215 |a 213 с.  |c ил. 
320 |a Литература: с. 210-224. 
320 |a Указатели: с. 225-226. 
610 1 |a очерки 
610 1 |a русские ученые 
610 1 |a инженеры 
610 1 |a котельные техники 
610 1 |a теплотехника 
610 1 |a конструирование 
610 1 |a паровые котлы 
610 1 |a сжигание 
610 1 |a жидкое топливо 
675 |a 621.18  |v 3 
700 1 |a Кутателадзе  |b С. С. 
701 1 |a Цукерман  |b Р. В. 
801 1 |a RU  |b 63413507  |c 20080116  |g PSBO 
801 2 |a RU  |b 63413507  |c 20201127  |g PSBO 
942 |c BK